书目信息 |
| 题名: |
机床夹具
|
|
| 作者: | ;上海市工农业余教材编写组 编 | |
| 分册: | ||
| 出版信息: | 上海 上海科学技术出版社 1978 |
|
| 页数: | 220页 | |
| 开本: | 19cm | |
| 丛书名: | ||
| 单 册: | ||
| 中图分类: | TG751.1 | |
| 科图分类: | ||
| 主题词: | 机床夹具--职工业余学校--教材 | |
| 电子资源: | ||
| ISBN: | ||
| 000 | 00736nam0 2200229 45 | |
| 001 | 0178004861 | |
| 005 | 20060430101253.92 | |
| 010 | @dCNY0.58 | |
| 091 | @a15119.1937 | |
| 100 | @a19950717d1978 em y0chiy0121 ea | |
| 101 | 0 | @achi |
| 102 | @aCN@b310000 | |
| 105 | @ay z 000yy | |
| 200 | 10 | @a机床夹具@Aji chuang jia ju@f上海市工农业余教材编写组编@Fshang hai shi gong nong ye yu jiao cai bian xie zu bian |
| 210 | @a上海@c上海科学技术出版社@d1978 | |
| 215 | @a220页@d19cm | |
| 300 | @a上海市工农教育教材 | |
| 606 | @a机床夹具@x职工业余学校@x教材 | |
| 690 | @aTG751.1@v4 | |
| 711 | 02 | @a上海市工农业余教材编写组@Ashang hai shi gong nong ye yu jiao cai bian xie zu@4编 |
| 801 | 0 | @aCN@bTSSF@c20060430 |
| 905 | @a10447@dTG751.1@e2 | |
| 机床夹具/上海市工农业余教材编写组编.-上海:上海科学技术出版社,1978 |
| 220页;19cm |
| 上海市工农教育教材 |
| ISBN :CNY0.58 |
| ● |
| 相关链接 |
|
|
|
|
正题名:机床夹具
索取号:TG751.1/2
 
预约/预借
| 序号 | 登录号 | 条形码 | 馆藏地/架位号 | 状态 | 备注 |
| 1 | 0004510 | 202304078 | 密集书库/ [索取号:TG751.1/2] | 在馆 |